<?xml version='1.0' encoding='UTF-8'?>
  <record xmlns="http://www.loc.gov/MARC21/slim">
    <leader>00000cam a2200000Mi 4500</leader>
    <controlfield tag="001">ocm69399890</controlfield>
    <controlfield tag="003">OCoLC</controlfield>
    <controlfield tag="005">20240202180208.2</controlfield>
    <controlfield tag="008">940217s1873    ne            000 0 dut d</controlfield>
    <datafield tag="040" ind1=" " ind2=" ">
      <subfield code="a">NLGGC</subfield>
      <subfield code="b">dut</subfield>
      <subfield code="e">fobidrtb</subfield>
      <subfield code="c">NLGGC</subfield>
      <subfield code="d">OCLCO</subfield>
      <subfield code="d">OCLCL</subfield>
    </datafield>
    <datafield tag="029" ind1="0" ind2=" ">
      <subfield code="a">NLGGC</subfield>
      <subfield code="b">114994900</subfield>
    </datafield>
    <datafield tag="035" ind1=" " ind2=" ">
      <subfield code="a">(OCoLC)69399890</subfield>
    </datafield>
    <datafield tag="100" ind1="1" ind2=" ">
      <subfield code="a">Schaepman, H.J.A.M.</subfield>
      <subfield code="q">(Hermanus Johannes Aloysius Maria),</subfield>
      <subfield code="d">1844-1903.</subfield>
      <subfield code="1">https://id.oclc.org/worldcat/entity/E39PBJbtjJVMVyxTHFM3F78DMP</subfield>
    </datafield>
    <datafield tag="245" ind1="1" ind2="0">
      <subfield code="a">Aan de Hoog Edel Geboren Heer en Vrouwe J. van Nispen van Sevenaer, bij het gouden feest van hun vijftigjarigen echt 1823-1873 /</subfield>
      <subfield code="c">door H.J.A.M. Schaepman.</subfield>
    </datafield>
    <datafield tag="260" ind1=" " ind2=" ">
      <subfield code="a">[S.l.] :</subfield>
      <subfield code="b">[s.n.],</subfield>
      <subfield code="c">[1873]</subfield>
    </datafield>
    <datafield tag="300" ind1=" " ind2=" ">
      <subfield code="a">[13 p.] ;</subfield>
      <subfield code="c">.. cm.</subfield>
    </datafield>
    <datafield tag="336" ind1=" " ind2=" ">
      <subfield code="a">tekst</subfield>
      <subfield code="b">txt</subfield>
      <subfield code="2">rdacontent/dut</subfield>
    </datafield>
    <datafield tag="337" ind1=" " ind2=" ">
      <subfield code="a">zonder medium</subfield>
      <subfield code="b">n</subfield>
      <subfield code="2">rdamedia/dut</subfield>
    </datafield>
    <datafield tag="338" ind1=" " ind2=" ">
      <subfield code="a">band</subfield>
      <subfield code="b">nc</subfield>
      <subfield code="2">rdacarrier/dut</subfield>
    </datafield>
    <datafield tag="530" ind1=" " ind2=" ">
      <subfield code="a">Ook beschikbaar in microvorm.</subfield>
    </datafield>
    <datafield tag="600" ind1="1" ind2="4">
      <subfield code="a">Nispen van Sevenaer, J. van</subfield>
      <subfield code="q">(Johannes Antonius Christianus Arnoldus),</subfield>
      <subfield code="d">1803-1875.</subfield>
      <subfield code="0">(NL-LeOCL)183788516</subfield>
    </datafield>
    <datafield tag="600" ind1="1" ind2="4">
      <subfield code="a">Hoevel tot Swanenburg, Isabella Elisabetha Josepha,</subfield>
      <subfield code="d">1804-1879.</subfield>
      <subfield code="0">(NL-LeOCL)42291519X</subfield>
    </datafield>
    <datafield tag="758" ind1=" " ind2=" ">
      <subfield code="a">Aan de Hoog Edel Geboren Heer en Vrouwe J. van Nispen van Sevenaer, bij het gouden feest van hun vijftigjarigen echt 1823-1873 (Text)</subfield>
      <subfield code="1">https://id.oclc.org/worldcat/entity/E39PCGqHG4tPbQhpKfKyrvgh73</subfield>
      <subfield code="4">https://id.oclc.org/worldcat/ontology/hasWork</subfield>
    </datafield>
  </record>